|
|
|
|
| LEADER |
00000nam a2200000 a 4500 |
| 001 |
vtls008639622 |
| 003 |
SK-MaSNL |
| 005 |
20260302075029.0 |
| 008 |
240315 1833 xo 000 0 lat |
| 020 |
|
|
|q (brož.)
|
| 040 |
|
|
|a SNK
|b slo
|c SNK
|e AACR2
|
| 041 |
0 |
|
|a lat
|
| 044 |
|
|
|a xo
|c SK
|
| 100 |
|
|
|a Racko, Michal
|4 aut
|9 741357
|
| 240 |
|
|
|a Carmen Admodum Reverendo
|
| 245 |
1 |
|
|a Carmen Admodum Reverendo
|b Carmen Admodum Reverendo, ac Eximio Patri Joanni Bapt. Grosser, ...
|
| 260 |
|
|
|a Posonii
|b Haeredum Belnay
|c 1833
|
| 300 |
|
|
|a 7 s.
|
| 650 |
0 |
7 |
|a literatúra
|x poézia
|x oslavná báseň
|2 snkph
|9 333945
|
| 710 |
2 |
|
|a Tlačiareň dedičov Belnaiových (Bratislava, Slovensko), 1817-1842
|4 prt
|9 54716
|
| 752 |
|
|
|a Slovensko
|d Bratislava
|
| 958 |
|
|
|a ONDV
|
| 999 |
|
|
|c 1167541
|d 1169471
|
| 952 |
|
|
|a SNK
|b SNK
|y VYP
|7 0
|p 17A0500699
|o snkSC 31946 D1
|i snkK 4724/73
|3 Rekatalogizácia
|0 0
|1 0
|4 0
|d 2006-03-27
|l 0
|r 2026-02-24 20:53:11
|w 2026-02-24
|
| 952 |
|
|
|a SNK
|b SNK
|y PREZ
|7 0
|p 17A1069011
|o snkSC 31946 D2
|i snk2013/11873
|8 3
|g 10.00
|0 0
|1 0
|4 0
|d 2013-05-23
|l 0
|r 2026-02-24 20:53:11
|w 2026-02-24
|
| 952 |
|
|
|a SNK
|b SNK
|y PREZ
|7 0
|p 17A0962171
|o snkSC 31946
|0 0
|1 0
|4 0
|d 2012-09-26
|l 0
|r 2025-09-26 00:00:00
|w 2026-02-24
|